000 00663cam a22002291 4500
001 sa 68014056
003 DLC
005 20260227112628.0
008 890920s1967 ii a b 000 0 hino
010 _asa 68014056
035 _a(OCoLC)20373313
040 _aDLC
_cWaU
_dDLC
042 _apremarc
050 0 0 _aPK1939
_b.B5
100 1 _aBhāṭiyā, Kailāśa Candra.
245 1 0 _aHindī meṃ Aṅgrejī ke āgata śabdoṃ kā bhāshātāttvika adhyayana.
260 _c1967.
300 _a2, 7, 5, 4, 407 p.
_billus.
_c22 cm.
500 _aIn Hindi.
504 _aBibliography: p. [370]-393.
650 0 _aHindi language
_xForeign elements
_xEnglish.
999 _c85536
_d85536